| 000 | 00000nam 2200000zi 4500 |
| 001 | 9.916318 |
| 003 | CaOODSP |
| 005 | 20221107183418 |
| 006 | m o d f |
| 007 | cr bn||||||||| |
| 008 | 221018e199904##oncd o f100 0 eng d |
| 020 | |z0662278976|q(print) |
| 040 | |aCaOODSP|beng|erda|cCaOODSP |
| 043 | |an-cn--- |
| 086 | 1 |aC2-439/1999E-PDF|zC2-439/1999E |
| 111 | 2 |aNational Aerospace Skills Symposium |d(1999 : |cOttawa, Ont.) |
| 245 | 10|aNational Aerospace Skills Symposium : |bfinal report. |
| 264 | 1|aOttawa, ON : |bAerospace and Defence Branch, Industry Canada, |cApril 1999. |
| 264 | 4|c©1999 |
| 300 | |a1 online resource (iv, 40 pages) : |bgraphs |
| 336 | |atext|btxt|2rdacontent |
| 337 | |acomputer|bc|2rdamedia |
| 338 | |aonline resource|bcr|2rdacarrier |
| 500 | |aIssued also in French under title: Symposium national sur les compétences en aérospatiale : rapport final. |
| 500 | |aDigitized edition from print [produced by Innovation, Science and Economic Development Canada]. |
| 650 | 0|aAerospace industries|xEmployees|xTraining of|zCanada|vCongresses. |
| 650 | 0|aAerospace industries|xStudy and teaching|zCanada|vCongresses. |
| 655 | 7|aConference papers and proceedings|2lcgft |
| 710 | 1 |aCanada. |bIndustry Canada, |eissuing body. |
| 710 | 1 |aCanada. |bAerospace and Defence Branch, |eissuing body. |
| 775 | 08|tSymposium national sur les compétences en aérospatiale : |w(CaOODSP)9.916319 |
| 856 | 40|qPDF|s1.08 MB|uhttps://publications.gc.ca/collections/collection_2022/isde-ised/c2/C2-439-1999-eng.pdf |